| 000 | 01268nam a2200277Ia 4500 | ||
|---|---|---|---|
| 003 | OSt | ||
| 005 | 20221005104026.0 | ||
| 006 | a|||||r|||| 00| 0 | ||
| 007 | ta | ||
| 008 | 221004b |||||||| |||| 00| 0 hin d | ||
| 020 |
_a8179170306 (hbk) _c850 |
||
| 024 | _a100389 | ||
| 037 |
_b374, 04/03/2010, Swaraj Prakashan _cTextual |
||
| 040 |
_aCRL _cCRL _bhin |
||
| 041 |
_2hin _ahin |
||
| 082 | _aV2:51.N47, 152P4 | ||
| 100 |
_aनंबूदिरिपाद, ई. एम. एस. _9160159 |
||
| 245 | 0 | _aभारत का स्वाधीनता संग्राम, आनन्दस्वरूप वर्मा अनु0 | |
| 246 | _aBhārat kā swādhīnatā sangrāma, ānandasvarūp varmā anu0 | ||
| 260 |
_aदिल्ली _bग्रंथशिल्पी भारत _c2004 |
||
| 300 |
_a662पृ0 _ccm. |
||
| 490 | _aभारतीय इतिहास के गौरव ग्रंथ | ||
| 700 |
_a वर्मा, आनंदस्वरूप, अनु. _9162064 |
||
| 942 |
_hV2:51.N47, 152P4 _cTEXL _2cc |
||
| 999 |
_c1011519 _d1011519 |
||